000 00419 a2200169 4500
003 Nust
005 20170207153339.0
040 _cNust
082 _a005.1
100 _aQayyum, Arshad NC BESE-02
245 _aBanking Accounts management system
_cCapt Arshad Qayyum & Capt Saad Ibrahim BESE-02
260 _bMCS
_c2000
300 _a73 p
538 _aT4 And Shelf No 2
650 _aUG Projects
651 _aUG CS Projects
942 _cTHS
999 _c184212
_d184212